Syntéza a reaktivita hetero[f]indolizidínov

Enregistré dans:
Détails bibliographiques
Auteur principal: Szemes, Fridrich (Auteur)
Format: Manuscrit Livre
Langue:slovaque
Publié: Bratislava : STU v Bratislave FCHPT, 2001
Édition:Obháj.: 2.7.2001
Tags: Ajouter un tag
Pas de tags, Soyez le premier à ajouter un tag!

MARC

LEADER 00000ntm a22000003a 4500
001 stu75430
005 20150617225644.1
008 020415s2001----xo------------------slo-d
040 |a STU  |b slo 
041 0 |a slo 
044 |a xo 
080 |a 547.94(043.3) 
100 1 |a Szemes, Fridrich  |4 aut 
245 1 |a Syntéza a reaktivita hetero[f]indolizidínov 
250 |a Obháj.: 2.7.2001 
260 |a Bratislava :  |b STU v Bratislave FCHPT,  |c 2001 
300 |a 99 s. tab.,grafy,lit 
500 |a (Katedra organickej chémie) 
996 |b 284C019741  |c C*KD480  |l CCI  |s A  |a 24  |w stu75430_0001